[Event "Tradewise Gibraltar Chess Festival 2013"]
[Site "Gibraltar ENG"]
[Date "2013.01.22"]
[Round "1.86"]
[White "Kantorik, Marian"]
[Black "Pribyl, Jaroslav"]
[Result "1-0"]
[WhiteElo "2331"]
[BlackElo "1932"]
[PlyCount "65"]
[EventDate "2013.01.22"]
[EventType "swiss"]
[EventRounds "10"]
[EventCountry "ENG"]
[Source "lmi"]
[SourceDate "2013.01.22"]

1. d4 d5 2. c4 c6 3. Nf3 Nf6 4. Nc3 e6 5. Bg5 Be7 6. e3 Nbd7 7. Bd3 O-O 8. O-O
h6 9. Bh4 dxc4 10. Bxc4 Nd5 11. Bg3 Nxc3 12. bxc3 b6 13. Qe2 Bb7 14. Rfd1 Qc8
15. a4 Rd8 16. e4 Nf6 17. Bh4 Re8 18. a5 b5 19. Bd3 a6 20. e5 Nd5 21. Qe4 g6
22. Bxe7 Nxe7 23. Qh4 Kh7 24. Ng5+ Kg7 25. Nxf7 Kxf7 26. Qf6+ Kg8 27. Bxg6 Nxg6
28. Qxg6+ Kf8 29. Qf6+ Kg8 30. Rd3 Qd7 31. Rg3+ Kh7 32. Qg6+ Kh8 33. Qxh6+ 1-0

[Event "Tradewise Gibraltar Chess Festival 2013"]
[Site "Gibraltar ENG"]
[Date "2013.01.22"]
[Round "1.87"]
[White "Becham, Khalid"]
[Black "Dittmar, Peter"]
[Result "0-1"]
[WhiteElo "1929"]
[BlackElo "2330"]
[PlyCount "56"]
[EventDate "2013.01.22"]
[EventType "swiss"]
[EventRounds "10"]
[EventCountry "ENG"]
[Source "lmi"]
[SourceDate "2013.01.22"]

1. e4 e6 2. d4 d5 3. e5 c5 4. c3 Ne7 5. Nf3 Nec6 6. Be2 b6 7. a3 a5 8. O-O Ba6
9. Be3 Be7 10. Nbd2 O-O 11. Rc1 Bxe2 12. Qxe2 Nd7 13. Ne1 Qc8 14. f4 cxd4 15.
cxd4 Nxd4 16. Bxd4 Qxc1 17. Nd3 Qc2 18. Rf3 Nc5 19. Bxc5 Bxc5+ 20. Kh1 Rac8 21.
g4 Be7 22. g5 Rc4 23. Rh3 g6 24. Qf2 Qd1+ 25. Ne1 Rc1 26. Ndf3 Rfc8 27. Rg3
R8c2 28. Qf1 Re2 0-1

[Event "Tradewise Gibraltar Chess Festival 2013"]
[Site "Gibraltar ENG"]
[Date "2013.01.22"]
[Round "1.88"]
[White "Fenollar Jorda, Manuel"]
[Black "Lochte, Szilvia"]
[Result "1-0"]
[WhiteElo "2325"]
[BlackElo "1923"]
[PlyCount "29"]
[EventDate "2013.01.22"]
[EventType "swiss"]
[EventRounds "10"]
[EventCountry "ENG"]
[Source "lmi"]
[SourceDate "2013.01.22"]

1. d4 Nf6 2. Nf3 e6 3. e3 b6 4. Bd3 Bb7 5. Nbd2 c5 6. c3 d5 7. Ne5 Nbd7 8. f4
Bd6 9. O-O Qc7 10. Qf3 g6 11. Qh3 Rf8 12. Ndf3 O-O-O 13. Ng5 Rde8 14. Nexf7 Qc6
15. Bb5 1-0

[Event "Tradewise Gibraltar Chess Festival 2013"]
[Site "Gibraltar ENG"]
[Date "2013.01.22"]
[Round "1.89"]
[White "Openshaw, David K"]
[Black "Omar, Noaman"]
[Result "0-1"]
[WhiteElo "1923"]
[BlackElo "2314"]
[PlyCount "120"]
[EventDate "2013.01.22"]
[EventType "swiss"]
[EventRounds "10"]
[EventCountry "ENG"]
[Source "lmi"]
[SourceDate "2013.01.22"]

1. e4 c5 2. Nf3 e6 3. d4 cxd4 4. Nxd4 a6 5. Bd3 Bc5 6. Nb3 Ba7 7. Qe2 Nc6 8.
Be3 Bxe3 9. Qxe3 Nf6 10. c4 d6 11. Nc3 e5 12. O-O O-O 13. h3 a5 14. Rac1 a4 15.
Na1 Nd7 16. Nd5 Nc5 17. Nc2 Be6 18. Rfd1 Qh4 19. Qg3 Qxg3 20. fxg3 Rfd8 21. Rd2
Rac8 22. Rb1 Kf8 23. b4 axb3 24. axb3 Ra8 25. b4 Nxd3 26. Rxd3 Ra2 27. Nce3 Nd4
28. Nb6 Ra6 29. Ned5 Bxd5 30. Nxd5 Rc6 31. Ne3 Ra8 32. b5 Rcc8 33. Rbd1 Ra2 34.
g4 g6 35. g5 Kg7 36. R1d2 Rca8 37. Nd5 Ne6 38. Nb6 Rxd2 39. Rxd2 Rd8 40. h4 Nc5
41. Re2 Rf8 42. Nd5 Ra8 43. Nf6 h6 44. Rd2 hxg5 45. hxg5 Rd8 46. Ra2 Ne6 47.
Ra7 Nxg5 48. Nd5 Rd7 49. Nc3 Rc7 50. Ra4 Ne6 51. Nd5 Rc8 52. Nb6 Rh8 53. Nd7
Rd8 54. Nb6 Nc5 55. Ra7 Kh6 56. Na4 Nxa4 57. Rxa4 Kg5 58. b6 Kf4 59. c5 dxc5
60. Kh2 Rd6 0-1

[Event "Tradewise Gibraltar Chess Festival 2013"]
[Site "Gibraltar ENG"]
[Date "2013.01.22"]
[Round "1.90"]
[White "Kvisvik, Brede"]
[Black "Boesch, Heinz"]
[Result "1/2-1/2"]
[WhiteElo "2314"]
[BlackElo "1904"]
[PlyCount "113"]
[EventDate "2013.01.22"]
[EventType "swiss"]
[EventRounds "10"]
[EventCountry "ENG"]
[Source "lmi"]
[SourceDate "2013.01.22"]

1. d4 e6 2. c4 d5 3. Nf3 c5 4. cxd5 exd5 5. Nc3 Nc6 6. g3 Nf6 7. Bg2 Be7 8. O-O
O-O 9. dxc5 Bxc5 10. Na4 Be7 11. Be3 Re8 12. Rc1 Bg4 13. Nc5 Bxc5 14. Bxc5 Qa5
15. a4 Ne4 16. Be3 Rad8 17. Nd4 Qa6 18. f3 Nf6 19. Nxc6 bxc6 20. Bd4 Bf5 21. e3
Nd7 22. Re1 h6 23. Bf1 Qb7 24. a5 c5 25. Bxc5 Nxc5 26. Rxc5 Qxb2 27. Rxd5 Qf6
28. e4 Be6 29. Rxd8 Rxd8 30. Qe2 Qc3 31. a6 Bc4 32. Rd1 Bxe2 33. Rxd8+ Kh7 34.
Bxe2 Qe1+ 35. Bf1 Qe3+ 36. Kg2 f6 37. h4 Qb6 38. Rd5 Qb2+ 39. Kh3 Qf2 40. Bg2
Qb6 41. h5 Qxa6 42. Kh4 Qb6 43. Bh3 Kg8 44. Bf5 Kf8 45. Rd7 Ke8 46. Rxg7 a5 47.
Rh7 Qe3 48. f4 Qf3 49. Bg6+ Kd8 50. Rxh6 a4 51. Rh8+ Ke7 52. Rh7+ Kd6 53. Rf7
Ke6 54. Ra7 Qh1+ 55. Kg4 Qd1+ 56. Kh4 Qh1+ 57. Kg4 1/2-1/2

[Event "Tradewise Gibraltar Chess Festival 2013"]
[Site "Gibraltar ENG"]
[Date "2013.01.22"]
[Round "1.91"]
[White "Dennis, Nigel W"]
[Black "Rudolf, Anna"]
[Result "0-1"]
[WhiteElo "1904"]
[BlackElo "2312"]
[PlyCount "72"]
[EventDate "2013.01.22"]
[EventType "swiss"]
[EventRounds "10"]
[EventCountry "ENG"]
[Source "lmi"]
[SourceDate "2013.01.22"]

1. e4 e6 2. d4 d5 3. Nc3 Nf6 4. Bg5 Be7 5. e5 Nfd7 6. Bxe7 Qxe7 7. f4 O-O 8.
Nf3 c5 9. Bd3 f6 10. O-O Nc6 11. Kh1 cxd4 12. Nb5 fxe5 13. fxe5 Ndxe5 14. Nxe5
Rxf1+ 15. Qxf1 Nxe5 16. Nxd4 Bd7 17. Qe2 Nxd3 18. cxd3 e5 19. Re1 Re8 20. Qh5
Qf7 21. Qxf7+ Kxf7 22. Nf3 Kf6 23. Rf1 Kg6 24. Kg1 Bb5 25. Re1 Kf6 26. Re3 d4
27. Re1 Bxd3 28. Nxd4 Rc8 29. Nf3 e4 30. Nd2 Ke5 31. b4 b6 32. a3 Rc3 33. Ra1
Kd4 34. a4 Rc2 35. Nb3+ Kc3 36. Nc1 Kb2 0-1

[Event "Tradewise Gibraltar Chess Festival 2013"]
[Site "Gibraltar ENG"]
[Date "2013.01.22"]
[Round "1.92"]
[White "Stockmann, Michael"]
[Black "Dimitrijevic, Dragan"]
[Result "1/2-1/2"]
[WhiteElo "2312"]
[BlackElo "1896"]
[PlyCount "136"]
[EventDate "2013.01.22"]
[EventType "swiss"]
[EventRounds "10"]
[EventCountry "ENG"]
[Source "lmi"]
[SourceDate "2013.01.22"]

1. d4 Nf6 2. Nf3 d5 3. c4 c6 4. e3 g6 5. Nc3 a6 6. cxd5 cxd5 7. Be2 Bg7 8. O-O
O-O 9. Ne5 Nbd7 10. f4 e6 11. Nd3 Qe7 12. a4 Ne4 13. Nxe4 dxe4 14. Nf2 f5 15.
b3 Rf7 16. Ba3 Qe8 17. g4 Nb6 18. Qd2 Nd5 19. Bc4 b5 20. Bxd5 exd5 21. gxf5
Bxf5 22. Bc5 bxa4 23. Rxa4 Bd7 24. Ra2 Bb5 25. Rc1 Qe6 26. Qd1 h5 27. Kh1 Kh7
28. Qg1 Bf6 29. Qg3 Rg8 30. Nh3 Qf5 31. Rg1 Bd8 32. Bd6 Re8 33. Rag2 Re6 34.
Bc5 Be8 35. Rf2 Bb5 36. Rgg2 Re8 37. Bd6 Bd7 38. Be5 Qg4 39. Qxg4 Bxg4 40. Ng1
Rb7 41. Ra2 a5 42. h3 Bf5 43. Rgb2 Re6 44. Ne2 Bxh3 45. Nc3 Rd7 46. Na4 Rc6 47.
Nc5 Rf7 48. b4 axb4 49. Rxb4 Bf6 50. Kh2 Bf1 51. Rb8 Bxe5 52. fxe5 Bc4 53. Raa8
Kh6 54. e6 Rf2+ 55. Kg1 Rf1+ 56. Kg2 Rc7 57. Rb7 Rxb7 58. Nxb7 Re1 59. e7 Re2+
60. Kg3 Kg5 61. e8=Q h4+ 62. Kh3 Rxe3+ 63. Kh2 Re2+ 64. Kg1 Re1+ 65. Kf2 Re2+
66. Kf1 Re3+ 67. Kf2 Re2+ 68. Kf1 Re3+ 1/2-1/2

[Event "Tradewise Gibraltar Chess Festival 2013"]
[Site "Gibraltar ENG"]
[Date "2013.01.22"]
[Round "1.93"]
[White "Othman, Mustapha"]
[Black "Piasetski, Leon"]
[Result "0-1"]
[WhiteElo "1878"]
[BlackElo "2310"]
[PlyCount "76"]
[EventDate "2013.01.22"]
[EventType "swiss"]
[EventRounds "10"]
[EventCountry "ENG"]
[Source "lmi"]
[SourceDate "2013.01.22"]

1. e4 c5 2. Nf3 e6 3. d4 cxd4 4. Nxd4 a6 5. Nc3 b5 6. Bd3 Qb6 7. Nb3 Qc7 8. O-O
Bb7 9. Bg5 h6 10. Bh4 Bd6 11. Kh1 Bxh2 12. f4 Bxf4 13. Na5 g5 14. Nxb7 Ne7 15.
e5 Bxe5 16. Qf3 Rf8 17. Rae1 gxh4 18. Rxe5 Qxe5 19. Nd6+ Qxd6 20. Qxa8 Nec6 21.
Be4 Ke7 22. Qb7 Rd8 23. Qb6 Qd4 24. Qc7 Qe5 25. Qb6 d5 26. Qc5+ Rd6 27. Qf2
dxe4 28. Qxf7+ Kd8 29. Qh7 Rd7 30. Qxh6 Nd4 31. Qe3 Nf5 32. Qb6+ Ke7 33. Ne2
Ng3+ 34. Nxg3 hxg3 35. Re1 Qh5+ 36. Kg1 Qh2+ 37. Kf1 Qh1+ 38. Qg1 Qxg1+ 0-1

[Event "Tradewise Gibraltar Chess Festival 2013"]
[Site "Gibraltar ENG"]
[Date "2013.01.22"]
[Round "1.94"]
[White "Arvola, Benjamin"]
[Black "George, Lolomari Erekosima"]
[Result "1-0"]
[WhiteElo "2309"]
[BlackElo "1869"]
[PlyCount "93"]
[EventDate "2013.01.22"]
[EventType "swiss"]
[EventRounds "10"]
[EventCountry "ENG"]
[Source "lmi"]
[SourceDate "2013.01.22"]

1. e4 c6 2. Nf3 d5 3. Nc3 Bg4 4. h3 Bxf3 5. Qxf3 e6 6. Be2 Nf6 7. O-O dxe4 8.
Nxe4 Nxe4 9. Qxe4 Nd7 10. b4 Nf6 11. Qc4 Be7 12. Bf3 O-O 13. Rb1 Rc8 14. d4 Nd5
15. a3 Qd6 16. Qd3 Rfd8 17. Bb2 Nf4 18. Qe4 Bf6 19. c4 Ng6 20. Rfd1 Nh4 21. Bg4
g6 22. d5 Bxb2 23. dxe6 Qe5 24. Qxe5 Bxe5 25. e7 Re8 26. Bxc8 Rxe7 27. Rd8+ Kg7
28. Rbd1 Bb2 29. R8d7 Re4 30. Bxb7 Rxc4 31. Ba6 Rc3 32. a4 Ba3 33. R7d3 Bxb4
34. Rd4 Be7 35. Rc4 Ra3 36. Rd7 Bf6 37. Rxa7 Ra1+ 38. Kh2 Ra2 39. Re4 Rxf2 40.
Re2 Rf5 41. Bc4 Be5+ 42. g3 Nf3+ 43. Kg2 Bd4 44. Rxf7+ Rxf7 45. Bxf7 Nh4+ 46.
gxh4 Kxf7 47. a5 1-0

[Event "Tradewise Gibraltar Chess Festival 2013"]
[Site "Gibraltar ENG"]
[Date "2013.01.22"]
[Round "1.95"]
[White "Guerrero Romero, Antonio"]
[Black "Forsaa, Espen"]
[Result "0-1"]
[WhiteElo "1862"]
[BlackElo "2305"]
[PlyCount "44"]
[EventDate "2013.01.22"]
[EventType "swiss"]
[EventRounds "10"]
[EventCountry "ENG"]
[Source "lmi"]
[SourceDate "2013.01.22"]

1. d4 Nf6 2. c4 g6 3. g3 Bg7 4. Bg2 d5 5. Nf3 O-O 6. O-O dxc4 7. Qc2 Be6 8. Rd1
b5 9. Nc3 c6 10. Bg5 Nd5 11. Nxd5 cxd5 12. b3 Nc6 13. a3 Bf5 14. Qb2 Be4 15.
Ne5 Nxe5 16. dxe5 Bxg2 17. Kxg2 Qc7 18. Rxd5 e6 19. Rdd1 Bxe5 20. Qb1 cxb3 21.
Qxb3 Bxa1 22. Rxa1 Qe5 0-1

[Event "Tradewise Gibraltar Chess Festival 2013"]
[Site "Gibraltar ENG"]
[Date "2013.01.22"]
[Round "1.96"]
[White "Vyparina, Matej"]
[Black "Iglesias Fernandez, Luis"]
[Result "1-0"]
[WhiteElo "2305"]
[BlackElo "1862"]
[PlyCount "43"]
[EventDate "2013.01.22"]
[EventType "swiss"]
[EventRounds "10"]
[EventCountry "ENG"]
[Source "lmi"]
[SourceDate "2013.01.22"]

1. e4 e6 2. d4 d5 3. e5 c5 4. c3 Qb6 5. Nf3 Bd7 6. Bd3 Nc6 7. O-O cxd4 8. cxd4
Nxd4 9. Nxd4 Qxd4 10. Nc3 a6 11. Re1 Ne7 12. Be3 Qxe5 13. Na4 Bxa4 14. Qxa4+
Nc6 15. Rac1 Bd6 16. f4 Qh5 17. Rxc6 bxc6 18. Qxc6+ Ke7 19. Qb7+ Kf6 20. Bd4+
e5 21. fxe5+ Bxe5 22. Qc6+ 1-0

[Event "Tradewise Gibraltar Chess Festival 2013"]
[Site "Gibraltar ENG"]
[Date "2013.01.22"]
[Round "1.97"]
[White "Reid, Vaness"]
[Black "De Haan, Eric"]
[Result "0-1"]
[WhiteElo "1844"]
[BlackElo "2303"]
[PlyCount "34"]
[EventDate "2013.01.22"]
[EventType "swiss"]
[EventRounds "10"]
[EventCountry "ENG"]
[Source "lmi"]
[SourceDate "2013.01.22"]

1. d4 Nf6 2. c4 e6 3. Nc3 Bb4 4. Qb3 c5 5. dxc5 Nc6 6. Bd2 Bxc5 7. e3 b6 8. Nf3
O-O 9. Be2 Ba6 10. a3 Rc8 11. Qa2 Bd6 12. O-O Ne5 13. b3 Bb7 14. Nd4 Nfg4 15.
h3 Qh4 16. Bxg4 Nxg4 17. Be1 Qxh3 0-1

[Event "Tradewise Gibraltar Chess Festival 2013"]
[Site "Gibraltar ENG"]
[Date "2013.01.22"]
[Round "1.98"]
[White "Villuendas Valero, Adrian"]
[Black "Wilson, Matthew R"]
[Result "1-0"]
[WhiteElo "2301"]
[BlackElo "1827"]
[PlyCount "57"]
[EventDate "2013.01.22"]
[EventType "swiss"]
[EventRounds "10"]
[EventCountry "ENG"]
[Source "lmi"]
[SourceDate "2013.01.22"]

1. e4 c5 2. Nf3 e6 3. d4 cxd4 4. Nxd4 a6 5. Nc3 Qc7 6. Bd3 Nc6 7. Nxc6 bxc6 8.
O-O d5 9. Re1 Nf6 10. Bg5 Bb4 11. Bxf6 gxf6 12. Qf3 d4 13. Qxf6 Rg8 14. Qxd4
Qe7 15. e5 c5 16. Qf4 Bb7 17. Be4 O-O-O 18. Re3 Rd4 19. Qf3 Bxc3 20. Bxb7+ Qxb7
21. Qxb7+ Kxb7 22. Rxc3 Rgd8 23. Kf1 R8d5 24. Rf3 Rxe5 25. Rxf7+ Kc6 26. Re1
Kd6 27. Ra7 Rd2 28. Rxa6+ Kd5 29. c4+ 1-0

[Event "Tradewise Gibraltar Chess Festival 2013"]
[Site "Gibraltar ENG"]
[Date "2013.01.22"]
[Round "1.99"]
[White "Chidi, Lovinia Sylvia"]
[Black "Chapman, Terry P D"]
[Result "0-1"]
[WhiteElo "1820"]
[BlackElo "2292"]
[PlyCount "114"]
[EventDate "2013.01.22"]
[EventType "swiss"]
[EventRounds "10"]
[EventCountry "ENG"]
[Source "lmi"]
[SourceDate "2013.01.22"]

1. e4 g6 2. d4 Bg7 3. Nf3 d6 4. Be3 Nd7 5. Qd2 a6 6. Bd3 h6 7. c3 e6 8. Na3 Ne7
9. Nc2 b6 10. O-O Bb7 11. Qe2 O-O 12. Nd2 f5 13. f3 f4 14. Bf2 Kh8 15. Kh1 g5
16. g4 fxg3 17. hxg3 Qe8 18. Kg2 e5 19. Rh1 b5 20. Ne3 Qg6 21. Ng4 Nf6 22. Nxf6
Rxf6 23. g4 Qf7 24. Be3 Rg6 25. d5 c6 26. c4 bxc4 27. Nxc4 cxd5 28. Na5 dxe4
29. fxe4 Bc8 30. b3 d5 31. Raf1 Qe6 32. Kg3 d4 33. Bd2 Qb6 34. Rf7 Ng8 35. Nc4
Qe6 36. Rf5 Qe7 37. Rh5 Bxf5 38. exf5 Rf6 39. Bxg5 Qc7 40. Be4 Rd8 41. Qd3 Re8
42. Bxf6 Bxf6 43. Kf3 Bg5 44. Rh2 Nf6 45. Rc2 Bf4 46. Rg2 Rg8 47. a3 Rg5 48.
Qf1 Nxe4 49. Kxe4 Qb7+ 50. Kd3 Qxb3+ 51. Ke4 Qb7+ 52. Kd3 Qb3+ 53. Ke4 Qb7+ 54.
Kd3 Qd5 55. Qe2 h5 56. Rf2 Be3 57. Qf3 e4+ 0-1

[Event "Tradewise Gibraltar Chess Festival 2013"]
[Site "Gibraltar ENG"]
[Date "2013.01.22"]
[Round "1.100"]
[White "Tate, Alan"]
[Black "Colompar, Ladislau-Alexandru"]
[Result "1-0"]
[WhiteElo "2290"]
[BlackElo "1790"]
[PlyCount "75"]
[EventDate "2013.01.22"]
[EventType "swiss"]
[EventRounds "10"]
[EventCountry "ENG"]
[Source "lmi"]
[SourceDate "2013.01.22"]

1. e4 e5 2. Bc4 d6 3. Nf3 g6 4. d4 exd4 5. Ng5 Nh6 6. Qxd4 Rg8 7. Nc3 Bg7 8.
Qd3 Nc6 9. f4 Qe7 10. Nd5 Qd8 11. Bd2 Be6 12. O-O-O Qd7 13. Bc3 O-O-O 14. Bxg7
Rxg7 15. Qc3 Rgg8 16. Nf6 Qe7 17. Nxg8 Nxg8 18. Bd5 Bxd5 19. exd5 Nb8 20. Rhe1
Qd7 21. Qd4 Na6 22. Nxh7 Qb5 23. Ng5 Nh6 24. Kb1 Nc5 25. h3 a5 26. g4 b6 27.
Re7 Kb7 28. Rde1 a4 29. a3 f5 30. Qg7 Ng8 31. Rxc7+ Kb8 32. Ne6 Re8 33. gxf5
gxf5 34. Ra7 Rc8 35. Nd4 Qc4 36. Nc6+ Rxc6 37. Re8+ Rc8 38. Qc7# 1-0

[Event "Tradewise Gibraltar Chess Festival 2013"]
[Site "Gibraltar ENG"]
[Date "2013.01.22"]
[Round "1.101"]
[White "Scholl, Alois"]
[Black "Bergstrom, Rolf"]
[Result "0-1"]
[WhiteElo "1765"]
[BlackElo "2286"]
[PlyCount "108"]
[EventDate "2013.01.22"]
[EventType "swiss"]
[EventRounds "10"]
[EventCountry "ENG"]
[Source "lmi"]
[SourceDate "2013.01.22"]

1. c4 e5 2. Nc3 d6 3. g3 f5 4. Bg2 Nf6 5. d3 Be7 6. Qb3 c6 7. Nf3 Qc7 8. O-O
Nbd7 9. Qc2 a5 10. Na4 O-O 11. b3 Re8 12. Bb2 Bf8 13. Nd2 g6 14. Rae1 Bg7 15.
e4 f4 16. Nf3 Nh5 17. g4 Nhf6 18. h3 Nc5 19. Nxc5 dxc5 20. Rd1 Nd7 21. Kh2 a4
22. g5 Nf8 23. Rg1 h6 24. gxh6 Bf6 25. Bf1 Qh7 26. b4 Qxh6 27. bxc5 Re7 28. Rh1
Qh5 29. Bg2 Ne6 30. d4 exd4 31. Bxd4 Nxd4 32. Nxd4 Rh7 33. Kg1 Qxc5 34. Nf3 Be6
35. e5 Bf5 36. Qb2 Rd8 37. Rxd8+ Bxd8 38. Kh2 Rd7 39. Re1 Ba5 40. e6 Re7 41.
Re5 Qb6 42. Qa3 Qb4 43. Qxb4 Bxb4 44. Bf1 Rxe6 45. Rxe6 Bxe6 46. Nd4 Bf7 47. h4
Be7 48. Kh3 Bf6 49. Nf3 Be6+ 50. Kg2 Bf5 51. Ng5 Bb1 52. Kf3 Bxa2 53. Kxf4 a3
54. Bd3 Bb3 0-1

[Event "Tradewise Gibraltar Chess Festival 2013"]
[Site "Gibraltar ENG"]
[Date "2013.01.22"]
[Round "1.102"]
[White "Palencia, Wilson"]
[Black "Rujan, Rodel-Marinel"]
[Result "1-0"]
[WhiteElo "2282"]
[BlackElo "1759"]
[PlyCount "57"]
[EventDate "2013.01.22"]
[EventType "swiss"]
[EventRounds "10"]
[EventCountry "ENG"]
[Source "lmi"]
[SourceDate "2013.01.22"]

1. e4 d6 2. d4 Nf6 3. Nc3 g6 4. f4 Bg7 5. Nf3 c5 6. d5 O-O 7. Bd3 Bd7 8. a4 Na6
9. O-O Nc7 10. Qe1 b6 11. Qh4 a6 12. f5 b5 13. Bh6 c4 14. Be2 Nce8 15. Ng5 b4
16. Nd1 Qb6+ 17. Kh1 Rc8 18. Rf3 gxf5 19. Nxh7 Nxh7 20. Rh3 Nef6 21. Rg3 Ng4
22. Bxg7 Kxg7 23. exf5 Bxf5 24. Bxg4 Bg6 25. Bxc8 Rxc8 26. Ne3 c3 27. b3 Rh8
28. Rf1 Rg8 29. Qxe7 1-0

[Event "Tradewise Gibraltar Chess Festival 2013"]
[Site "Gibraltar ENG"]
[Date "2013.01.22"]
[Round "1.104"]
[White "Diaz Velandia, Jose Manuel"]
[Black "Whatley, Stephen A J"]
[Result "1-0"]
[WhiteElo "2271"]
[BlackElo "1717"]
[PlyCount "99"]
[EventDate "2013.01.22"]
[EventType "swiss"]
[EventRounds "10"]
[EventCountry "ENG"]
[Source "lmi"]
[SourceDate "2013.01.22"]

1. d4 Nf6 2. Nf3 c5 3. e3 d5 4. c3 Nc6 5. dxc5 a5 6. Bb5 Bd7 7. O-O e6 8. b4 b6
9. Bxc6 Bxc6 10. Nd4 Qd7 11. cxb6 axb4 12. cxb4 Bb5 13. Nxb5 Qxb5 14. Bd2 Ne4
15. Nc3 Qxb6 16. Nxe4 dxe4 17. Qc2 Be7 18. Qxe4 O-O 19. a4 Bf6 20. Ra2 Be7 21.
b5 Ra7 22. Rb1 Rb8 23. Bc3 f5 24. Qc4 Rc7 25. Qb3 Rbc8 26. Bd2 Rc4 27. g3 Qb7
28. a5 Qe4 29. Rf1 Bb4 30. f3 Qd5 31. Bxb4 Rxb4 32. Qxd5 exd5 33. b6 Ra8 34.
Rc1 h6 35. Rc7 Rb8 36. Rac2 Rb5 37. Rc8+ Rxc8 38. Rxc8+ Kh7 39. Ra8 Rb1+ 40.
Kf2 Rb2+ 41. Ke1 Rb3 42. Kd2 Rb2+ 43. Kc3 Rb5 44. Ra7 Rb1 45. b7 Rb5 46. a6
Rc5+ 47. Kd4 Rb5 48. Ra8 Rb6 49. b8=Q Rf6 50. h4 1-0

[Event "Tradewise Gibraltar Chess Festival 2013"]
[Site "Gibraltar ENG"]
[Date "2013.01.22"]
[Round "1.105"]
[White "Neumanova, Monika"]
[Black "Gaehwiler, Gabriel"]
[Result "0-1"]
[WhiteElo "1701"]
[BlackElo "2269"]
[PlyCount "46"]
[EventDate "2013.01.22"]
[EventType "swiss"]
[EventRounds "10"]
[EventCountry "ENG"]
[Source "lmi"]
[SourceDate "2013.01.22"]

1. d4 Nf6 2. c4 g6 3. Nc3 Bg7 4. e4 d6 5. f3 O-O 6. Be3 c5 7. dxc5 dxc5 8. Qxd8
Rxd8 9. Bxc5 Nc6 10. Ba3 a5 11. Rd1 Be6 12. Nd5 Bxd5 13. cxd5 Nb4 14. Bxb4 axb4
15. Bc4 Rdc8 16. Bb3 Nd7 17. Rd2 Nc5 18. Ne2 Bh6 19. Rd1 Be3 20. Nd4 Bxd4 21.
Rxd4 Nxb3 22. axb3 Rc1+ 23. Rd1 Rxd1+ 0-1

[Event "Tradewise Gibraltar Chess Festival 2013"]
[Site "Gibraltar ENG"]
[Date "2013.01.22"]
[Round "1.106"]
[White "Diaz Gallego, Saul"]
[Black "Tari, Aryan"]
[Result "0-1"]
[WhiteElo "1655"]
[BlackElo "2268"]
[PlyCount "74"]
[EventDate "2013.01.22"]
[EventType "swiss"]
[EventRounds "10"]
[EventCountry "ENG"]
[Source "lmi"]
[SourceDate "2013.01.22"]

1. d4 Nf6 2. c4 e6 3. Nc3 Bb4 4. Qc2 c5 5. e3 O-O 6. Nf3 b6 7. a3 Bxc3+ 8. bxc3
Bb7 9. Be2 d6 10. O-O Nbd7 11. Nd2 Rc8 12. Qb3 Re8 13. Bf3 Bxf3 14. Nxf3 Qc7
15. Nd2 d5 16. cxd5 exd5 17. a4 a6 18. h3 c4 19. Qb4 Ne4 20. Nxe4 Rxe4 21. Ba3
Re6 22. Qb1 Nf6 23. Qf5 g6 24. Qc2 Ne4 25. Bb2 Rce8 26. Rab1 f5 27. Bc1 g5 28.
Re1 g4 29. h4 g3 30. f3 Nd6 31. Ba3 f4 32. Bxd6 Qxd6 33. e4 Qe7 34. e5 Qxh4 35.
Qf5 Qh2+ 36. Kf1 Qh1+ 37. Ke2 Qxg2+ 0-1

[Event "Tradewise Gibraltar Chess Festival 2013"]
[Site "Gibraltar ENG"]
[Date "2013.01.22"]
[Round "1.107"]
[White "Adrian, Claude"]
[Black "Garcia Lechugo, Francisco"]
[Result "1-0"]
[WhiteElo "2260"]
[BlackElo "1645"]
[PlyCount "35"]
[EventDate "2013.01.22"]
[EventType "swiss"]
[EventRounds "10"]
[EventCountry "ENG"]
[Source "lmi"]
[SourceDate "2013.01.22"]

1. Nf3 b6 2. d4 e6 3. c4 Bb7 4. a3 Na6 5. Nc3 c5 6. d5 Qc7 7. e4 exd5 8. cxd5
d6 9. Bb5+ Kd8 10. O-O f6 11. Bf4 g5 12. Bxg5 Be7 13. Bf4 h5 14. Rc1 Nb8 15.
Nd4 Bc8 16. Bc6 Nxc6 17. Ncb5 Qb8 18. Nxc6+ 1-0

[Event "Tradewise Gibraltar Chess Festival 2013"]
[Site "Gibraltar ENG"]
[Date "2013.01.22"]
[Round "1.108"]
[White "Kuenitz, Klaus"]
[Black "Amato, Andrea"]
[Result "0-1"]
[WhiteElo "1643"]
[BlackElo "2259"]
[PlyCount "106"]
[EventDate "2013.01.22"]
[EventType "swiss"]
[EventRounds "10"]
[EventCountry "ENG"]
[Source "lmi"]
[SourceDate "2013.01.22"]

1. d4 e6 2. c4 Nf6 3. Bg5 Be7 4. e3 O-O 5. Nf3 b6 6. Nc3 Bb7 7. Be2 d5 8. cxd5
exd5 9. Ne5 Nbd7 10. Nxd7 Qxd7 11. O-O Ne4 12. Nxe4 dxe4 13. Bxe7 Qxe7 14. Rc1
Rad8 15. Qa4 a6 16. Rc3 Rd5 17. Rfc1 c6 18. Qb3 Qd8 19. Qc2 Re8 20. Bc4 Rh5 21.
Qb3 Rf8 22. g3 Kh8 23. Qa3 Rg5 24. Qb3 Rf5 25. Qc2 Re8 26. Bf1 h5 27. h4 g5 28.
Bh3 Rd5 29. hxg5 Rxg5 30. Kf1 Qf6 31. Bd7 Reg8 32. Qxe4 Rxg3 33. Qe5 Qxe5 34.
dxe5 Rg1+ 35. Ke2 c5 36. Rxg1 Rxg1 37. Rd3 Rb1 38. Rd2 Ra1 39. a3 Kg7 40. Bf5
Bc6 41. Bd7 Bg2 42. f4 h4 43. Kd3 h3 44. Bf5 Rg1 45. Be4 Kh6 46. Bxg2 Rxg2 47.
Rd1 h2 48. Rh1 Rxb2 49. Ke4 Kg6 50. f5+ Kg5 51. Rd1 Rg2 52. f6 Rg1 53. Rd8
h1=Q+ 0-1

[Event "Tradewise Gibraltar Chess Festival 2013"]
[Site "Gibraltar ENG"]
[Date "2013.01.22"]
[Round "1.109"]
[White "Scharrer, Patrick"]
[Black "Collins, Andrew"]
[Result "1-0"]
[WhiteElo "2248"]
[BlackElo "1638"]
[PlyCount "41"]
[EventDate "2013.01.22"]
[EventType "swiss"]
[EventRounds "10"]
[EventCountry "ENG"]
[Source "lmi"]
[SourceDate "2013.01.22"]

1. e4 c5 2. Nf3 d6 3. d4 cxd4 4. Nxd4 Nf6 5. Nc3 g6 6. Be3 Bg7 7. f3 O-O 8. Qd2
Nc6 9. O-O-O d5 10. Kb1 Nxd4 11. e5 Nd7 12. Bxd4 e6 13. Qe3 a6 14. h4 Qc7 15.
f4 f6 16. exf6 Nxf6 17. Be2 Ne4 18. Bxg7 Kxg7 19. Nxe4 dxe4 20. g3 Bd7 21. Qd4+
1-0

[Event "Tradewise Gibraltar Chess Festival 2013"]
[Site "Gibraltar ENG"]
[Date "2013.01.22"]
[Round "1.110"]
[White "Savage, Neil"]
[Black "Nazarenus, Moritz"]
[Result "0-1"]
[WhiteElo "1620"]
[BlackElo "2248"]
[PlyCount "82"]
[EventDate "2013.01.22"]
[EventType "swiss"]
[EventRounds "10"]
[EventCountry "ENG"]
[Source "lmi"]
[SourceDate "2013.01.22"]

1. e4 c6 2. Nc3 d5 3. Nf3 g6 4. h3 Bg7 5. d4 h5 6. Be3 Nh6 7. Qd2 dxe4 8. Nxe4
Nf5 9. Bc4 Nxe3 10. Qxe3 Bf5 11. O-O O-O 12. c3 Bxe4 13. Qxe4 e6 14. Rfe1 Re8
15. Ne5 Bxe5 16. dxe5 Nd7 17. Rad1 Qe7 18. Rd6 Kg7 19. Red1 Nb6 20. R1d3 Rad8
21. Bb3 Nc8 22. R6d4 Rxd4 23. Qxd4 Nb6 24. Kf1 Rc8 25. Qd6 Kf8 26. f4 Ke8 27.
g3 Qxd6 28. Rxd6 h4 29. g4 Nd5 30. f5 gxf5 31. gxf5 Ne3+ 32. Kf2 Nxf5 33. Rd3
Ke7 34. Bd1 Rg8 35. Bg4 Nh6 36. Rd4 Nxg4+ 37. Rxg4 Rxg4 38. hxg4 f5 39. Kf3 Kf7
40. Kf4 h3 41. Kg3 fxg4 0-1